Hudba v Olomouci - historie a současnost II : in honorem Robert Smetana : Olomouc 24.-25. listopadu 2003, Umělecké centrum Univerzity Palackého /

Korporativní autor: Univerzita Palackého. Umělecké centrum
Další autoři: Hudba v Olomouci - historie a současnost (konference), Burešová, Alena, 1947-, Univerzita Palackého. Katedra muzikologie
Jazyk: Slovenština
Čeština
Vydáno: V Olomouci : Univerzita Palackého, 2004
Vydání: 1. vyd.
Edice: Kritické edice hudebních památek
Témata:
Externí odkaz: Digitalizovaný dokument
Fyzický popis: 396 s. : il., noty, faksim. ; 21 cm
Language note: Část. slovenský text, anglická a německá resumé
Knihy
Uloženo v:
LEADER 02660nam a22006132a 4500
001 001936671
003 CZ BrMZK
005 20250527100340.0
007 ta
008 250527s2004 xr agh er 100 0 cze d
015 |a cnb001528951 
020 |a 80-244-0928-3  |q (brož.) 
035 |a (OCoLC)85141004 
040 |a ABA001  |b cze  |d BOA001 
041 0 |a cze  |a slo  |b eng  |b ger 
043 |a e-xr---  |b e-xr-mr  |b e-xr-ol  |2 czenas 
045 |a x0x8 
072 7 |a 78  |x Hudba  |2 Konspekt  |9 9 
080 |a 78.072  |2 MRF 
080 |a 78  |2 MRF 
080 |a 78-027.22  |2 MRF 
080 |a 012  |2 MRF 
080 |a (437.32)  |2 MRF 
080 |a (437.325)  |2 MRF 
080 |a (062.534)  |2 MRF 
111 2 |a Hudba v Olomouci - historie a současnost (konference)  |n (2. :  |d 2003 :  |c Olomouc, Česko)  |7 kn20050707004 
245 1 0 |a Hudba v Olomouci - historie a současnost II :  |b in honorem Robert Smetana : Olomouc 24.-25. listopadu 2003, Umělecké centrum Univerzity Palackého /  |c [pořadatel] katedra muzikologie Filozofické fakulty Univerzity Palackého v Olomouci ; [Alena Burešová (ed.)] 
246 3 0 |a In honorem Robert Smetana 
250 |a 1. vyd. 
260 |a V Olomouci :  |b Univerzita Palackého,  |c 2004 
300 |a 396 s. :  |b il., noty, faksim. ;  |c 21 cm 
490 1 |a Kritické edice hudebních památek ;  |v 7 
504 |a Obsahuje bibliografii a bibliografické odkazy 
546 |a Část. slovenský text, anglická a německá resumé 
500 |a Dostupné též v digitální podobě v aplikaci Kramerius 
600 1 7 |a Smetana, Robert,  |d 1904-1988  |7 jk01120057  |2 czenas 
648 7 |a 20. století  |7 ch460558  |2 czenas 
650 0 7 |a muzikologové  |7 ph123055  |z Česko  |y 20. století  |2 czenas 
650 0 7 |a hudba  |7 ph114719  |z Česko  |2 czenas 
650 0 7 |a hudební život  |7 ph135177  |z Česko  |2 czenas 
650 0 7 |a hudební život  |7 ph135177  |x dějiny  |2 czenas 
651 7 |a Morava (Česko)  |7 ge130070  |2 czenas 
651 7 |a Olomouc (Česko)  |7 ge130299  |2 czenas 
655 7 |a sborníky konferencí  |7 fd133333  |2 czenas 
655 7 |a personální bibliografie  |7 fd133021  |2 czenas 
700 1 |a Burešová, Alena,  |d 1947-  |7 ola2002158200  |4 edt 
710 2 |a Univerzita Palackého.  |b Umělecké centrum  |7 kn20030416003 
710 2 |a Univerzita Palackého.  |b Katedra muzikologie  |7 kn20010709125 
830 0 |a Kritické edice hudebních památek  |0 s 
856 4 1 |u https://www.digitalniknihovna.cz/mzk/uuid/uuid:dccd7110-429f-11f0-963c-0050568d319f  |y Digitalizovaný dokument  |x NDK 
910 |a BOA001  |b 2-1126.068,2 
990 |a BK 
991 |b 20160404 
996 6 |b 2610252906  |c 2-1126.068,2  |v 2  |y 2004  |l MZK  |r Sklad / do 1 hodiny  |n 4  |p p.v.  |w 002006683  |u 000010  |a 1  |e BOA001  |j MZK50  |s P